000 01913cam a22002054a 4500
005 20250605164039.0
008 250528s ||||||||||||||||||||||||d
035 _a16939
020 _a9603750484
040 _aGR-AtMCL
_bgre
_dGR-AtMCL
_eAACR2
245 1 _aΣχεδιασμός, Οργάνωση, Εφαρμογή και Αξιολόγηση Προγραμμάτων Επαγγελματικής Κατάρτισης / Μεθοδολογικές Αρχές και Κριτήρια Ποιότητας
250 _a
260 _bΜεταίχμιο,
_c2000
300 _a120
520 _aΤο βιβλίο αυτό αποτελεί έναν οδηγό ελέγχου και διασφάλισης της ποιότητας ενός προγράμματος επαγγελματικής κατάρτισης. Προλεγόμενα, Μεθοδολογικό Πλαίσιο Ανάλυσης των Δραστηριοτήτων Σχεδιασμού και Οργάνωσης και Εφαρμογής και Αξιολόγησης των Προγραμμάτων Κατάρτισης, Δραστηριότητες Σχεδιασμού Ενός Προγράμματος Κατάρτισης, Δραστηριότητες Οργάνωσης Ενός Προγράμματος Κατάρτισης, Δραστηριότητες Εφαρμογής Ενός Προγράμματος Κατάρτισης, Δραστηριότητες Αξιολόγησης Ενός Προγράμματος Κατάρτισης, Τεκμηρίωση των Στοιχείων και Απολογισμός των Δραστηριοτήτων Σχεδιασμού και Ανάπτυξης και Εφαρμογής Ενός Προγράμματος Κατάρτισης, Επιλεγμένη Βιβλιογραφία.
700 1 _aΧασαπής Δημήτρης
_93036
942 _cBK
999 _c2383
_d2383